Top 5 Biggest Companies By Category - Statistics

General Stats
  • This quiz has been taken 134 times
  • The average score is 6 of 20
Answer Stats
# Company % Correct
1. Apple
94%
5. Microsoft
79%
1. Walmart
75%
4. Alphabet (Google)
72%
3. Amazon
72%
2. Samsung Electronics
65%
2. PepsiCo
53%
1. Nestlé
38%
2. The Walt Disney Company
38%
2. Costco
26%
1. Comcast
9%
5. Kroger
9%
5. Tyson Foods
8%
4. Schwarz Gruppe
4%
3. Foxconn
3%
4. ViacomCBS
2%
3. Anheuser-Busch InBev
1%
5. Bolloré
0%
3. Charter Communications
0%
4. JBS
0%
No matching quizzes found
Score Distribution
Percent of People with Each Score
Percentile by Number Answered
Your Score History
You have not taken this quiz